|
|
|
|
| LEADER |
00000nam a2200000 i 4500 |
| 001 |
115868 |
| 003 |
CZ ZlUTB |
| 005 |
20260630095244.0 |
| 007 |
ta |
| 008 |
260527s2026 xr a e c 000 0dcze |
| 015 |
|
|
|a cnb003760344
|
| 020 |
|
|
|a 978-80-88511-39-7
|q (brožováno)
|
| 040 |
|
|
|a BOA001
|b cze
|e rda
|
| 043 |
|
|
|a e-xr---
|b e-xr-zl
|2 czenas
|
| 045 |
|
|
|a x-x-
|
| 072 |
|
7 |
|a 658
|x Řízení a správa podniku
|2 Konspekt
|9 4
|
| 080 |
|
|
|a 658.114-051
|2 MRF
|
| 080 |
|
|
|a 334.716
|2 MRF
|
| 080 |
|
|
|a 658.114
|2 MRF
|
| 080 |
|
|
|a 658BATA
|2 MRF
|
| 080 |
|
|
|a 658
|2 MRF
|
| 080 |
|
|
|a (437.3)
|2 MRF
|
| 080 |
|
|
|a (437.323)
|2 MRF
|
| 080 |
|
|
|a (083.824)
|2 MRF
|
| 080 |
|
|
|a (082.2)
|2 MRF
|
| 100 |
1 |
|
|a Culík Končitíková, Gabriela,
|d 1987-
|7 xx0167732
|4 aut
|
| 245 |
1 |
0 |
|a Stopy Tomáše Bati a jejich otisk v současnosti :
|b katalog k výstavě /
|c Gabriela Končitíková, Jakub Malovaný, Jaromír 99
|
| 250 |
|
|
|a První vydání
|
| 264 |
|
1 |
|a Zlín :
|b Nadace Tomáše Bati,
|c 2026
|
| 300 |
|
|
|a 91 stran :
|b ilustrace (převážně barevné) ;
|c 24 cm
|
| 336 |
|
|
|a text
|b txt
|2 rdacontent
|
| 336 |
|
|
|a statický obraz
|b sti
|2 rdacontent
|
| 337 |
|
|
|a bez média
|b n
|2 rdamedia
|
| 338 |
|
|
|a svazek
|b nc
|2 rdacarrier
|
| 500 |
|
|
|a "Ilustrace Jaromír99 - Jaromír Švejdík, odborný konzultant Jakub Malovaný"--Tiráž
|
| 500 |
|
|
|a Publikace vychází u příležitosti 150. výročí narození Tomáše Bati
|
| 600 |
1 |
7 |
|a Baťa, Tomáš,
|d 1876-1932
|7 jk01011102
|2 czenas
|
| 610 |
2 |
7 |
|a Baťovy závody (firma)
|7 ko2002101658
|2 czenas
|
| 648 |
|
7 |
|a 19.-20. století
|7 ch757015
|2 czenas
|
| 648 |
|
7 |
|a 20. století
|7 ch460558
|2 czenas
|
| 650 |
0 |
7 |
|a podnikatelé
|7 ph124163
|z Česko
|y 19.-20. století
|2 czenas
|
| 650 |
0 |
7 |
|a průmyslové podniky
|7 ph115931
|z Česko
|y 20. století
|2 czenas
|
| 650 |
0 |
7 |
|a podnikání
|7 ph115766
|z Česko
|y 20. století
|2 czenas
|
| 650 |
0 |
7 |
|a Baťova soustava řízení
|7 ph690115
|2 czenas
|
| 650 |
0 |
7 |
|a podnikový management
|7 ph115763
|2 czenas
|
| 650 |
0 |
9 |
|a businessmen
|z Czechia
|y 19th-20th centuries
|2 eczenas
|
| 650 |
0 |
9 |
|a industrial enterprises
|z Czechia
|y 20th century
|2 eczenas
|
| 650 |
0 |
9 |
|a business
|z Czechia
|y 20th century
|2 eczenas
|
| 650 |
0 |
9 |
|a Bata system of management
|2 eczenas
|
| 650 |
0 |
9 |
|a industrial management
|2 eczenas
|
| 651 |
|
7 |
|a Zlín (Česko)
|7 ge128609
|2 czenas
|
| 651 |
|
9 |
|a Zlín (Czechia)
|2 eczenas
|
| 655 |
|
7 |
|a katalogy výstav
|7 fd132536
|2 czenas
|
| 655 |
|
7 |
|a jubilejní publikace
|7 fd131839
|2 czenas
|
| 655 |
|
9 |
|a exhibition catalogs
|2 eczenas
|
| 655 |
|
9 |
|a jubilee books
|2 eczenas
|
| 700 |
1 |
|
|a Malovaný, Jakub,
|d 1993-
|7 osa2013788925
|4 edt
|
| 700 |
0 |
|
|a Jaromír 99,
|d 1963-
|7 xx0013171
|4 ill
|
| 710 |
2 |
|
|a Nadace Tomáše Bati
|7 ko2004230725
|4 pbl
|
| 910 |
|
|
|a ZLD002
|
| 942 |
|
|
|2 udc
|
| 952 |
|
|
|0 0
|1 0
|4 0
|6 658CULÍK_KONČITÍKOVÁG
|7 -1
|8 BOOK
|9 191730
|a UTBZL
|b UTBZL
|c 031
|d 2026-06-30
|l 0
|o 658/CULÍK KONČITÍKOVÁ,G.
|p 420010202355
|r 2026-06-30 09:53:43
|v 199.00
|w 2026-06-30
|x N:nákup
|y 01
|
| 992 |
|
|
|a BK
|b SKNEW
|
| 999 |
|
|
|c 115868
|d 115868
|